Statistics for Australian Groups of Things

Click here to take the quiz!

General Stats

  • This quiz has been taken 109 times
  • The average score is 26 of 54

Answer Stats

GroupAnswer% Correct
Largest IslandsTasmania
93%
StatesTasmania
93%
StatesQueensland
89%
Most Common Country of BirthUnited Kingdom
89%
StatesSouth Australia
87%
StatesWestern Australia
87%
StatesNew South Wales
86%
AirlinesQantas
84%
Monotremes (Egg-Laying Mammals)Platypus
81%
StatesVictoria
81%
Most Common Country of BirthChina
74%
Most Common Country of BirthAustralia
71%
Major Federal Political PartiesLabor
70%
Monotremes (Egg-Laying Mammals)Echidna
63%
Major Indigenous GroupsAboriginal
57%
Most Common Country of BirthIndia
57%
Major Federal Political PartiesGreens
54%
Winners of the Academy Award for Best Actor/ActressNicole Kidman
53%
Big Four BanksCommonwealth Bank
51%
Free-To-Air Television NetworksSeven
51%
Free-To-Air Television NetworksABC
50%
AirlinesVirgin Australia
50%
Big Four BanksANZ
49%
Free-To-Air Television NetworksNine
49%
Free-To-Air Television NetworksTen
49%
AFL Teams in Rugby StatesBrisbane Lions
47%
AFL Teams in Rugby StatesSydney Swans
47%
Big Four BanksWestpac
46%
AirlinesJetstar
43%
Prime Ministers in the 1990sJohn Howard
41%
Prime Ministers in the 1990sBob Hawke
40%
Winners of the Academy Award for Best Actor/ActressCate Blanchett
40%
Big Four BanksNAB
40%
Free-To-Air Television NetworksSBS
40%
Winners of the Academy Award for Best Actor/ActressRussel Crowe
39%
Original Members of The WigglesJeff
37%
AFL Teams in Rugby StatesGWS Giants
34%
Original Members of The WigglesAnthony
33%
AFL Teams in Rugby StatesGold Coast Suns
33%
Prime Ministers in the 1990sPaul Keating
33%
AirlinesTigerair Australia
33%
Major Federal Political PartiesLiberals
29%
Original Members of The WigglesMurray
29%
Original Members of The WigglesGreg
27%
Largest IslandsKangaroo Island
27%
Largest Ski ResortsThredbo
27%
Major Indigenous GroupsTorres Strait Islander
27%
Major Federal Political PartiesNationals
26%
Winners of the Academy Award for Best Actor/ActressGeoffrey Rush
24%
Largest Ski ResortsPerisher
21%
Largest Ski ResortsFalls Creek
17%
Largest Ski ResortsMt Buller
11%
Largest IslandsMelville Island
7%
Winners of the Academy Award for Best Actor/ActressPeter Finch
7%

Score Distribution

Percentile by Number Answered

Percent of People with Each Score

Your Score History

You have not taken this quiz